000 00376nam a2200133Ia 4500
008 151001s9999||||xx |||||||||||||| ||und||
100 _aसु वि केळकर
245 _aभक्तीचा दीपस्तंभ
250 _a1
260 _bविभासा पुस्तक महाल
260 _c2009
300 _a128
365 _b21
999 _c997665
_d997662